Départements de Hauts-de-France (carte) - Statistiques

Statistiques générales
  • Ce quiz a été pris 6 619 fois
  • Le résultat moyen est 4 sur 5
Réponses sur la Carte
Les réponses sont colorées sur une échelle allant du rouge au vert en fonction du pourcentage des utilisateurs qui les ont devinées à leur premier essai. Vous pouvez retrouver ces pourcentages ci-dessous.
 
Statistiques - réponses
Départements % Correct
59 Nord
96%
62 Pas-de-Calais
90%
80 Somme
72%
02 Aisne
71%
60 Oise
70%
Aucun quiz correspondant
Distribution des résultats
% des personnes avec chaque résultat
Percentile par nombre de réponses
Votre historique - résultats
Vous n’avez pas pris ce quiz